000 00600ntaaa2200193 4500
003 01
005 20251027201849.0
008 0714s1973 ag 01
040 _aAR-BaBN
_bspa
_cAR-BaBN
_eaacr
_dRIC
082 _a248.2000 Or3v
100 _aOrganización Internacional de los Misioneros Voluntarios
_917129
245 _aVida abundante
250 _a1 ed.
260 _aClorida :
_bArg.Asc. Casa Editora Sudamericana,
_c1972
300 _a127 p
500 _aUna guía para realizar des cubrimientos, dedicadas a jóvenes que aman la vida
650 _ajóvenes=platicas para
_940829
942 _cBK
999 _c13333
_d13333